Project manager's characteristics in czech lottery industry
Hodnotenie vlastností projektového manažéra v hazardnom priemysle v Českej republike. Kvalifikačné a osobnostné predpoklady projektových manažérov ako jedna z dôležitých podmienok pre ďalší rozvoj firmy. Projektové riadenie.
Na minha lista:
| Autor principal: | |
|---|---|
| Outros Autores: | |
| Formato: | Capítulo de Livro |
| Idioma: | inglês |
| Assuntos: | |
| Tags: |
Sem tags, seja o primeiro a adicionar uma tag!
|
MARC
| LEADER | 00000naa a2200000 4500 | ||
|---|---|---|---|
| 001 | 0135261 | ||
| 005 | 20231018105610.5 | ||
| 041 | 0 | |a eng | |
| 044 | |a SK | ||
| 245 | 1 | 0 | |a Project manager's characteristics in czech lottery industry |c Kateřina Hrazdilová-Bočková, Jaroslav Novotný |
| 520 | |a Hodnotenie vlastností projektového manažéra v hazardnom priemysle v Českej republike. Kvalifikačné a osobnostné predpoklady projektových manažérov ako jedna z dôležitých podmienok pre ďalší rozvoj firmy. Projektové riadenie. | ||
| 610 | 2 | 0 | |a riadenie projektové |
| 610 | 2 | 0 | |a manažéri |
| 610 | 2 | 0 | |a hodnotenie pracovné |
| 610 | 2 | 0 | |a konkurencieschopnosť |
| 610 | 2 | 0 | |a lotérie |
| 610 | 2 | 0 | |a hry hazardné |
| 610 | 2 | 0 | |a Česko |
| 100 | 1 | |a Hrazdilová Bočková, Kateřina | |
| 700 | 1 | |a Novotný, Jaroslav | |